Southville International School and Colleges
Your cart is empty.
  • Cart
  • Lists
    Public lists Eva Luna New books Lux_list list_1
    Your lists Log in to create your own lists
  • Log in to your account
  • Your cookies
  • Search history
Southville International School and Colleges
  • Advanced search
  • Recent comments
  • Most popular
  • Libraries

Log in to your account

Log in with GOOGLE


If you do not have an external account, but do have a local account, you can still log in:

  1. Home
  2. MARC view: Fundamentals of creative writing /
Normal view MARC view ISBD view

Fundamentals of creative writing / (Record no. 293388)

[ view plain ]
MARC details
000 -LEADER
fixed length control field 00621nam a2200217Ia 4500
008 - FIXED-LENGTH DATA ELEMENTS--GENERAL INFORMATION
fixed length control field 160418s9999 xx 000 0 und d
020 ## - INTERNATIONAL STANDARD BOOK NUMBER
International Standard Book Number 978-971-27-2231-8
050 ## - LIBRARY OF CONGRESS CALL NUMBER
Classification number FIL PE 1404
050 ## - LIBRARY OF CONGRESS CALL NUMBER
Item number .B73 2009
100 ## - MAIN ENTRY--PERSONAL NAME
Personal name Brainard, Cecilia Manguerra.
245 ## - TITLE STATEMENT
Title Fundamentals of creative writing /
245 ## - TITLE STATEMENT
Statement of responsibility, etc Cecilia Manguerra Brainard.
260 ## - PUBLICATION, DISTRIBUTION, ETC. (IMPRINT)
Place of publication, distribution, etc Manila :
260 ## - PUBLICATION, DISTRIBUTION, ETC. (IMPRINT)
Name of publisher, distributor, etc Anvil Pub. Inc.,
260 ## - PUBLICATION, DISTRIBUTION, ETC. (IMPRINT)
Date of publication, distribution, etc 2009
300 ## - PHYSICAL DESCRIPTION
Extent 97 pages :
300 ## - PHYSICAL DESCRIPTION
Other physical details illustrations ;
300 ## - PHYSICAL DESCRIPTION
Dimensions 22 cm.
650 ## - SUBJECT ADDED ENTRY--TOPICAL TERM
Topical term or geographic name as entry element Creative writing (Higher education).
650 ## - SUBJECT ADDED ENTRY--TOPICAL TERM
General subdivision English language -- Rhetoric -- Study and teaching.
Holdings
Withdrawn status Lost status Damaged status Home library Current library Shelving location Date acquired Cost, normal purchase price Total Checkouts Full call number Barcode Date last seen Price effective from Koha item type
      South Mansfield College South Mansfield College Filipiniana Section 02/14/2011 225.00   FIL PE 1404 .B73 2009 SMC05448 04/18/2016 04/18/2016  

Fundamentals of creative writing /

APA

Brainard C. M., .Fundamentals of creative writing. Manila: .

Chicago

Brainard Cecilia Manguerra, .Fundamentals of creative writing. Manila: .

Harvard

Brainard C. M., .Fundamentals of creative writing. Manila: .

MLA

Brainard Cecilia Manguerra, .Manila: . .

  • Place hold
  • Print
  • Cite
  • Add to your cart (remove)
  • Save record
    BIBTEX Dublin Core MARCXML MARC (non-Unicode/MARC-8) MARC (Unicode/UTF-8) MARC (Unicode/UTF-8, Standard) MODS (XML) RIS
  • More searches
    Search for this title in:
    Other Libraries (WorldCat) Other Databases (Google Scholar) Online Stores (Bookfinder.com) Open Library (openlibrary.org)

Exporting to Dublin Core...

SOUTHVILLE LIBRARY

Southville International School and Colleges Library

1281 Tropical Ave. Cor. Luxembourg St., BF Homes International, Las Pinas City

Tel. No. 8256374 / 252358 Loc. 117/146

Powered by Koha